<?xml version="1.0" encoding="UTF-8"?>
<record
    xmlns:xsi="http://www.w3.org/2001/XMLSchema-instance"
    xsi:schemaLocation="http://www.loc.gov/MARC21/slim http://www.loc.gov/standards/marcxml/schema/MARC21slim.xsd"
    xmlns="http://www.loc.gov/MARC21/slim">

  <leader>00675nam a2200169Ia 4500</leader>
  <controlfield tag="008">110201s9999    xx            000 0 und d</controlfield>
  <datafield tag="082" ind1=" " ind2=" ">
    <subfield code="b">B5923</subfield>
    <subfield code="a">V 57 A</subfield>
  </datafield>
  <datafield tag="100" ind1=" " ind2=" ">
    <subfield code="a">&#x917;&#x94B;&#x935;&#x93E;&#x902;&#x921;&#x947; &#x935;&#x93F;.&#x92D;&#x93E;.</subfield>
  </datafield>
  <datafield tag="245" ind1=" " ind2=" ">
    <subfield code="a">&#x906;&#x930;&#x94B;&#x917;&#x94D;&#x92F;&#x93E;&#x91A;&#x947; &#x905;&#x928;&#x941;&#x92D;&#x935; &#x938;&#x93F;&#x927;&#x94D;&#x926; &#x92E;&#x93E;&#x930;&#x94D;&#x917;</subfield>
  </datafield>
  <datafield tag="260" ind1=" " ind2=" ">
    <subfield code="b">&#x913;&#x930;&#x93F;&#x92F;&#x902;&#x91F;&#x932; &#x92A;&#x94D;&#x930;&#x915;&#x93E;&#x936;&#x928;</subfield>
  </datafield>
  <datafield tag="365" ind1=" " ind2=" ">
    <subfield code="b">80</subfield>
  </datafield>
  <datafield tag="600" ind1=" " ind2=" ">
    <subfield code="a">&#x917;&#x94B;&#x935;&#x93E;&#x902;&#x921;&#x947; &#x935;&#x93F;.&#x92D;&#x93E;.</subfield>
  </datafield>
  <datafield tag="630" ind1=" " ind2=" ">
    <subfield code="a">&#x906;&#x930;&#x94B;&#x917;&#x94D;&#x92F;&#x93E;&#x91A;&#x947; &#x905;&#x928;&#x941;&#x92D;&#x935; &#x938;&#x93F;&#x927;&#x94D;&#x926; &#x92E;&#x93E;&#x930;&#x94D;&#x917;</subfield>
  </datafield>
  <datafield tag="700" ind1=" " ind2=" ">
    <subfield code="a">&#x917;&#x94B;&#x935;&#x93E;&#x902;&#x921;&#x947; &#x935;&#x93F;.&#x92D;&#x93E;.</subfield>
  </datafield>
  <datafield tag="730" ind1=" " ind2=" ">
    <subfield code="a">&#x906;&#x930;&#x94B;&#x917;&#x94D;&#x92F;&#x93E;&#x91A;&#x947; &#x905;&#x928;&#x941;&#x92D;&#x935; &#x938;&#x93F;&#x927;&#x94D;&#x926; &#x92E;&#x93E;&#x930;&#x94D;&#x917;</subfield>
  </datafield>
  <datafield tag="942" ind1=" " ind2=" ">
    <subfield code="c">BOOK</subfield>
  </datafield>
  <datafield tag="999" ind1=" " ind2=" ">
    <subfield code="c">831645</subfield>
    <subfield code="d">831642</subfield>
  </datafield>
  <datafield tag="952" ind1=" " ind2=" ">
    <subfield code="0">0</subfield>
    <subfield code="1">0</subfield>
    <subfield code="4">0</subfield>
    <subfield code="7">0</subfield>
    <subfield code="a">PMKV</subfield>
    <subfield code="b">PMKV</subfield>
    <subfield code="d">2011-02-01</subfield>
    <subfield code="g">80.00</subfield>
    <subfield code="l">0</subfield>
    <subfield code="p">PMKV-B5923</subfield>
    <subfield code="r">2011-02-01 00:00:00</subfield>
    <subfield code="v">80.00</subfield>
    <subfield code="w">2011-02-01</subfield>
    <subfield code="y">BOOK</subfield>
  </datafield>
</record>
